000 00360pab a2200145 454500
008 180718b1988 xxu||||| |||| 00| 0 eng d
100 _aJoshi, A.K.
245 _aBibliography on the role of voluntarism in society
260 _c1988
300 _a49-54
362 _aAug.
650 _aSocial Service Agencies - India
773 _aSeminar
909 _a18325
999 _c18325
_d18325